000 00841nam a22002417a 4500
005 20120927112411.0
008 120927t xxu||||| |||| 00| 0 eng d
010 _aENG-106001
020 _a9788120346628
_c375.00
035 _aEN-89534
037 _bDBAD/PUB
040 _aDPL
_bEnglish
082 _a657.48
100 _aGoyal, V.K.
_952674
245 _aFinancial accounting for BBA /
_cby V.K. Goyal [and] Ruchi Goyal
260 _aNew Delhi
_bPHI Learning
_c2012
270 _aM-97, Connaught Circus
_bNew Delhi
_e110001
300 _axvi,587p.
_c24cm(pbk)
500 _aIncludes index
700 _aGoyal, Ruchi
_952676
942 _2ddc
_cEN
_mGOY
_h657.48
999 _c70370
_d70370